Apel na parlament ZMOS o novelách zákonov

Bibliographic Details
Main Author: Klesnilová, Alžbeta (Author)
Format: Article
Language:Slovak
Subjects:

MARC

LEADER 00000nab a2200000 a 4500
001 vtls000661770
003 SK-MaSNL
005 20260303043614.0
008 040806c1998 xo 0 slo
015 |a SNBRB1998/06-15450 
035 |a CLN000013959 
040 |a SNKBUCL  |b slo  |c SNKBUCL  |e AACR2 
041 0 |a slo 
044 |a xo  |c SK 
080 |a 352:061.25(437.6):061.3  |2 UDC-MRF-SK2 
100 1 |a Klesnilová, Alžbeta  |4 aut  |9 838469 
245 1 0 |a Apel na parlament  |b ZMOS o novelách zákonov  |c Alžbeta Klesnilová 
610 2 7 |a Združenie miest a obcí Slovenska.  |b Rada  |x zasadanie  |y 5.6.1998  |2 snkbucl  |9 895544 
655 7 |a články z novín a časopisov  |2 snkbucl  |9 267496 
773 0 |t Pravda  |g Roč. 8, č. 129 (6.6.1998), s. 2 
850 |a Slovenská národná knižnica v Martine 
852 |a SNK  |b KIS3GCP 
999 |c 1697545  |d 1699475